| 000 | 00590nam a22001817a 4500 | ||
|---|---|---|---|
| 003 | CEME | ||
| 005 | 20210628203332.0 | ||
| 008 | 210304b xxu||||| |||| 00| 0 eng d | ||
| 020 | _a0-340-74123-6 | ||
| 040 | _c. | ||
| 082 | _a629.287 DEN | ||
| 100 |
_aDenton, Tom _964787 |
||
| 245 | _aAdvanced automotive fault diagnosis | ||
| 260 |
_aNEW YORK _bBUTTERWORTH HEINEMANN _c2000 |
||
| 300 | _aVI,224P | ||
| 650 |
_aAUTOMOTIVE FAULT DIAGNOSIS. AUTOMOTIVE MECHANICAL SYSTEMS. AUTOMOTIVE -ELECTRICAL SYSTEMS. ENGINE MANAGEMENT. SENSORS, ACTUATORS AND ELECTRONICS _964788 |
||
| 942 |
_cBK _2ddc |
||
| 999 |
_c573181 _d573181 |
||